| Tag |
First Indicator |
Second Indicator |
Subfields |
| LEADER |
00000cam a2200000 a 4500 |
| 001 |
in00002139114 |
| 006 |
m e d # |
| 007 |
cr mn mmmmabba |
| 008 |
820525r1791 pau s 000 1 eng d |
| 005 |
20260331154948.2 |
| 035 |
|
|
|z w034101
|
| 035 |
|
|
|a MAAR8205253605B
|
| 035 |
|
|
|9 mwa91-26426
|
| 035 |
|
|
|a 339409
|
| 035 |
|
|
|a aas03034101
|
| 040 |
|
|
|a MWA
|c MWA
|e bdrb
|d UtOrBLW
|
| 041 |
1 |
|
|a eng
|h fre
|
| 100 |
1 |
|
|a Le Sage, Alain René,
|d 1668-1747.
|
| 245 |
1 |
0 |
|a Le diable boiteux: or, The devil upon two sticks /
|c Translated from the French of Monsieur Le Sage, author of The adventures of Gil Blas. ; In two volumes. ; Vol. I[-II].
|
| 264 |
|
3 |
|a Philadelphia :
|b Printed and sold by W. Woodhouse, at the Bible, no. 6, South Front-Street,
|c M.DCC.XCI. [1791]
|
| 300 |
|
|
|a 222 pages, 10 unnumbered pages ;
|c 17 cm. (duodecimo)
|
| 336 |
|
|
|a text
|b txt
|2 rdacontent
|
| 337 |
|
|
|a computer
|b c
|2 rdamedia
|
| 338 |
|
|
|a online resource
|b cr
|2 rdacarrier
|
| 500 |
|
|
|a Caption title: The devil upon two sticks.
|
| 500 |
|
|
|a Re-issue, with cancelled title pages, of the Philadelphia, 1791 edition printed and sold by Henry Taylor (Evans 23497).
|
| 500 |
|
|
|a Volume 2 (pages [3], 120-222) has separate title page.
|
| 500 |
|
|
|a Error in paging: page 56 misnumbered 65.
|
| 500 |
|
|
|a Bookseller's advertisements, [8] pages at end.
|
| 510 |
4 |
|
|a Evans
|c 23498
|
| 510 |
4 |
|
|a Parsons, W. Catholic Americana (additions),
|c 214
|
| 530 |
|
|
|a Microform version available in the Readex Early American Imprints series.
|
| 533 |
|
|
|a Electronic text and image data.
|b [Chester, Vt. :
|c Readex, a division of Newsbank, Inc.,
|d 2002-2004.
|e Includes files in TIFF, GIF and PDF formats with inclusion of keyword searchable text.
|f (Early American imprints. First series ; no. 23498).
|
| 500 |
|
|
|a Electronic resource.
|
| 655 |
|
7 |
|a Booksellers' advertisements
|z Pennsylvania
|z Philadelphia.
|2 rbgenr
|
| 655 |
|
7 |
|a Cancel leaves (Printing)
|2 rbpri
|
| 740 |
0 |
|
|a Devil upon two sticks.
|
| 752 |
|
|
|a United States
|b Pennsylvania
|d Philadelphia.
|
| 830 |
|
0 |
|a Early American imprints.
|n Series I,
|p Evans (1639-1800) ;
|v no. 23498.
|
| 856 |
4 |
1 |
|u http://proxy.library.tamu.edu/login?url=https://opac.newsbank.com/select/evans/23498
|y Evans Digital Edition
|t 0
|
| 999 |
|
|
|a MARS
|
| 999 |
f |
f |
|s 0bd6f2bb-77ff-37e8-baa2-450ed5f9b462
|i c02433df-3267-30bc-9d44-d3f120f67840
|t 0
|
| 952 |
f |
f |
|a Texas A&M University
|b College Station
|c Electronic Resources
|s www_evans
|d Available Online
|t 0
|h No information provided
|
| 998 |
f |
f |
|t 0
|l Available Online
|